দৌলত কাজী : কবি ও কাব্য / (Record no. 38281)
[ view plain ]
| 000 -LEADER | |
|---|---|
| fixed length control field | 00889nam a22002537a 4500 |
| 001 - CONTROL NUMBER | |
| control field | 38281 |
| 003 - CONTROL NUMBER IDENTIFIER | |
| rucl marc code | BD-RjUL |
| 005 - DATE AND TIME OF LATEST TRANSACTION | |
| control field | 20211209052750.0 |
| 008 - FIXED-LENGTH DATA ELEMENTS--GENERAL INFORMATION | |
| fixed length control field | 151029s2001 ii ||||| b||| 00| 0 ben d |
| 020 ## - INTERNATIONAL STANDARD BOOK NUMBER | |
| International Standard Book Number | 9844810132 |
| 035 ## - SYSTEM CONTROL NUMBER | |
| System control number | (BD-RjUL)38386 |
| 040 ## - CATALOGING SOURCE | |
| Original cataloging agency | BD-RjUL |
| Language of cataloging | eng |
| Transcribing agency | BD-RjUL |
| 041 ## - LANGUAGE CODE | |
| Language code of text/sound track or separate title | eng |
| 082 ## - DEWEY DECIMAL CLASSIFICATION NUMBER | |
| Classification number | 891.441092 |
| Author mark and year | BAD 2001 |
| 100 ## - MAIN ENTRY--PERSONAL NAME | |
| Personal name | বালা, অমৃতলাল |
| 9 (RLIN) | 118037 |
| 245 10 - TITLE STATEMENT | |
| Title | দৌলত কাজী : কবি ও কাব্য / |
| Statement of responsibility, etc. | অমৃতলাল বালা |
| 260 ## - PUBLICATION, DISTRIBUTION, ETC. (IMPRINT) | |
| Place of publication, distribution, etc. | ঢাকা : |
| Name of publisher, distributor, etc. | প্রতীতি প্রকাশন, |
| Date of publication, distribution, etc. | ২০০১ |
| 300 ## - PHYSICAL DESCRIPTION | |
| Pagination | ৩৫১ পৃ. ; |
| Size | ২২ সেমি. |
| 600 ## - SUBJECT ADDED ENTRY--PERSONAL NAME | |
| Personal name | কাজী, দৌলত |
| General subdivision | জীবনী |
| Personal name | Kazi, Doulat |
| General subdivision | Biography |
| 650 ## - SUBJECT ADDED ENTRY--TOPICAL TERM | |
| Topical term or geographic name as entry element | Bengali Writer |
| 9 (RLIN) | 117020 |
| Topical term or geographic name as entry element | বাংলা লেখক |
| 9 (RLIN) | 135145 |
| 942 ## - ADDED ENTRY ELEMENTS (KOHA) | |
| Source of classification or shelving scheme | Dewey Decimal Classification |
| Koha item type | Books |
| Lost status | Source of classification or shelving scheme | Damaged status | Not for loan | Collection code | Permanent Location | Current Location | Shelving location | Date acquired | Source of acquisition | Cost, normal purchase price | Total Checkouts | Full call number | Date last seen | Copy number | Koha item type | Checked out | Date checked out | Total Renewals |
|---|---|---|---|---|---|---|---|---|---|---|---|---|---|---|---|---|---|---|
| Dewey Decimal Classification | Not For Loan | Non-fiction | Central Library, University of Rajshahi | Central Library, University of Rajshahi | Reading Room | 26/09/2002 | Provical Book | 300.00 | B 891.441092 BAD 2001 | 29/10/2015 | C-1 | Books | ||||||
| Dewey Decimal Classification | Non-fiction | Central Library, University of Rajshahi | Central Library, University of Rajshahi | 26/09/2002 | Provical Book | 300.00 | 2 | B 891.441092 BAD 2001 | 17/12/2021 | C-2 | Books | 01/11/2021 | 17/12/2021 | |||||
| Dewey Decimal Classification | Non-fiction | Central Library, University of Rajshahi | Central Library, University of Rajshahi | 26/09/2002 | Provical Book | 300.00 | B 891.441092 BAD 2001 | 29/10/2015 | C-3 | Books | ||||||||
| Dewey Decimal Classification | Non-fiction | Central Library, University of Rajshahi | Central Library, University of Rajshahi | 26/09/2002 | Provical Book | 300.00 | 2 | B 891.441092 BAD 2001 | 28/09/2016 | C-4 | Books | 05/09/2016 | ||||||
| Dewey Decimal Classification | Non-fiction | Central Library, University of Rajshahi | Central Library, University of Rajshahi | 26/09/2002 | Provical Book | 300.00 | 3 | B 891.441092 BAD 2001 | 22/07/2018 | C-5 | Books | 09/07/2018 | ||||||
| Dewey Decimal Classification | Non-fiction | Central Library, University of Rajshahi | Central Library, University of Rajshahi | 26/09/2002 | Provical Book | 300.00 | B 891.441092 BAD 2001 | 29/10/2015 | C-6 | Books | ||||||||
| Dewey Decimal Classification | Non-fiction | Central Library, University of Rajshahi | Central Library, University of Rajshahi | 26/09/2002 | Provical Book | 300.00 | 8 | B 891.441092 BAD 2001 | 01/10/2016 | C-7 | Books | 05/09/2016 | 1 | |||||
| Dewey Decimal Classification | Non-fiction | Central Library, University of Rajshahi | Central Library, University of Rajshahi | 26/09/2002 | Provati prokasoni | 300.00 | B 891.441092 BAD 2001 | 18/12/2016 | C-8 | Books | ||||||||
| Dewey Decimal Classification | Non-fiction | Central Library, University of Rajshahi | Central Library, University of Rajshahi | 26/09/2002 | Provati prokasoni | 300.00 | 4 | B 891.441092 BAD 2001 | 03/07/2017 | C-9 | Books | 02/07/2017 |